| 000 | 00845nam a2200265 a 4500 | ||
|---|---|---|---|
| 001 | BRL_1359 | ||
| 005 | 20190320211151.0 | ||
| 008 | 080114s1979----u--oa#####---#000-0#eng-# | ||
| 020 | _a0873581830 | ||
| 041 | _aeng | ||
| 044 | _au | ||
| 050 | 4 |
_aF1221.T25 _b.F66 1979 |
|
| 100 | 1 |
_aFontana, Bernard L. _925670 |
|
| 245 | 1 | 0 |
_aTarahumara _bwhere night is the day of the moon _cby Bernard L. Fontana whith photographs by John P. Schaefer. |
| 260 |
_aFlagstaff _bNorthland _c1979 |
||
| 300 |
_axiv, 167 p. _bil., fotografías, mapas _c32 cm. |
||
| 500 | _aAu1551 | ||
| 500 | _aIncluye glosario e índice | ||
| 504 | _aBibliografía: p. 161-164 | ||
| 650 | 1 | 4 |
_aTarahumaras _xVida social y costumbre _926642 |
| 650 | 1 | 4 |
_aTarahumaras _xRitos y ceremonias _926643 |
| 700 | 1 |
_aSchaefer, John P. _eil. _926644 |
|
| 902 | _aGRL | ||
| 942 |
_2lcc _cB |
||
| 999 |
_c10171 _d10171 |
||